MARC

Tag First Indicator Second Indicator Subfields
LEADER 00000cam a2200000 4500
001 in00005781663
005 20260512212935.1
008 750808s1974 fr a b 000 0 eng d
040 |a PAU  |b eng  |c PAU  |d OCL  |d SYB  |d ZWZ  |d KYUBL  |d OCLCQ  |d OCLCF  |d OCLCO  |d OCLCQ  |d OCLCO  |d OCLCQ  |d OCLCA  |d OCL  |d OCLCQ  |d OCLCO  |d UKMGB 
016 7 |a 012133539  |2 Uk 
019 |a 4506544 
035 |a (OCoLC)1525205  |z (OCoLC)4506544 
050 1 4 |a TL500  |b .N6 no. 181 
245 0 3 |a An anthropometric survey of 2000 Royal Air Force aircrew, 1970/71,  |c by C.B. Bolton [and others]. 
264 1 |a [Neuilly-sur-Seine, France] :  |b North Atlantic Treaty Organization, Advisory Group for Aerospace Research and Development,  |c [1974] 
300 |a viii, 77 pages :  |b illustrations ;  |c 30 cm 
336 |a text  |b txt  |2 rdacontent 
337 |a unmediated  |b n  |2 rdamedia 
338 |a volume  |b nc  |2 rdacarrier 
490 1 |a AGARDograph ;  |v no. 181 
500 |a "Sponsored by the Aerospace Medical Panel, reproduces RAF IAM Report no. 531 of June 1973 (also published as RAE Technical Report 73083) with the permission of the UK Authorities concerned." 
504 |a Includes bibliographical references (page 15). 
650 0 |a Anthropometry. 
650 0 |a Flight crews. 
650 0 |a Personal protective equipment. 
650 2 |a Anthropometry 
650 2 |a Protective Clothing 
650 7 |a anthropometry.  |2 aat 
650 7 |a protective wear.  |2 aat 
650 7 |a Anthropometry  |2 fast 
650 7 |a Flight crews  |2 fast 
650 7 |a Personal protective equipment  |2 fast 
700 1 |a Bolton, C. B. 
700 1 |a Kenward, M. 
700 1 |a Simpson, R. E. 
700 1 |a Turner, G. M. 
710 2 |a North Atlantic Treaty Organization.  |b Advisory Group for Aerospace Research and Development.  |b Aerospace Medical Panel. 
776 0 8 |i Online version:  |t Anthropometric survey of 2000 Royal Air Force aircrew, 1970/71.  |d [Neuilly-sur-Seine, France] North Atlantic Treaty Organization, Advisory Group for Aerospace Research and Development [1974]  |w (OCoLC)1019677685 
830 0 |a AGARDograph ;  |v no. 181. 
029 1 |a UKMGB  |b 012133539 
994 |a Z0  |b TXA 
948 |h NO HOLDINGS IN TXA - 39 OTHER HOLDINGS 
999 f f |i 1c00989f-d5a5-4940-a977-12ef8dcdda35  |s 90c0f6a3-5fc3-460e-9362-ab57ca5bf242  |t 0 
952 f f |p ric  |a Texas A&M University  |b Rellis Campus  |c Joint Library Facility  |s JLF  |d Remote Storage  |t 0  |e TL500 .N6 no. 181  |h Library of Congress classification  |i unmediated -- volume  |m A14852433821 
998 f f |a TL500 .N6 no. 181  |t 0  |l Remote Storage